<?xml version="1.0" encoding="UTF-8"?>
<record
    xmlns:xsi="http://www.w3.org/2001/XMLSchema-instance"
    xsi:schemaLocation="http://www.loc.gov/MARC21/slim http://www.loc.gov/standards/marcxml/schema/MARC21slim.xsd"
    xmlns="http://www.loc.gov/MARC21/slim">

  <leader>02138nam a2200325 a 4500</leader>
  <controlfield tag="001">BRCA_3445</controlfield>
  <controlfield tag="005">20190320204303.0</controlfield>
  <datafield tag="041" ind1=" " ind2=" ">
    <subfield code="a">por</subfield>
  </datafield>
  <datafield tag="044" ind1=" " ind2=" ">
    <subfield code="a">po</subfield>
  </datafield>
  <datafield tag="084" ind1=" " ind2=" ">
    <subfield code="a">734</subfield>
    <subfield code="b">.C67</subfield>
    <subfield code="c">1876</subfield>
  </datafield>
  <datafield tag="100" ind1="1" ind2=" ">
    <subfield code="a">Cervantes Saavedra, Miguel de</subfield>
    <subfield code="d">1547-1616</subfield>
    <subfield code="9">213</subfield>
  </datafield>
  <datafield tag="245" ind1="1" ind2="0">
    <subfield code="a">O Engenhoso Fidalgo Dom Quichote de la Mancha</subfield>
    <subfield code="c">por Miguel de Cervantes Saavedra ; Traductores Viscondes de Castilho e de Azevedo e M. Pinheiro Chagas.</subfield>
  </datafield>
  <datafield tag="260" ind1=" " ind2=" ">
    <subfield code="a">Porto</subfield>
    <subfield code="b">Companhia Litteraria</subfield>
    <subfield code="c">1876-78</subfield>
  </datafield>
  <datafield tag="300" ind1=" " ind2=" ">
    <subfield code="a">2 v.</subfield>
    <subfield code="b">il.</subfield>
    <subfield code="c">42 cm.</subfield>
  </datafield>
  <datafield tag="500" ind1=" " ind2=" ">
    <subfield code="a">Contenido : v.1. Primera parte. Prefacio de M. Pinheiro Chagas. Pr&#xF3;logo del autor. 1876. -- v.2. Segunda parte. Dedicatoria y pr&#xF3;logo del autor. 1878</subfield>
  </datafield>
  <datafield tag="500" ind1=" " ind2=" ">
    <subfield code="a">Edici&#xF3;n : Com os desenhos de Gutavo Dor&#xE9;, gravados por H. Pisan</subfield>
  </datafield>
  <datafield tag="500" ind1=" " ind2=" ">
    <subfield code="a">Por muerte del Vizconde de Castilho, continu&#xF3; la traducci&#xF3;n el erudito escritor portugu&#xE9;s, M. Pinheiro Chagas, quien adem&#xE1;s, redact&#xF3; un notabil&#xED;simo prefacio. En &#xE9;l, adem&#xE1;s de rese&#xF1;ar la obra general de Cervantes y dar su biograf&#xED;a, expone su juicio sobre Cervantes y el Quijote, del cual dice que es: uma das mais sublimes produc&#xC7;oes do spirito humano. Asimismo el an&#xE1;lisis de la &#xE9;poca filipina es profundo y acertado. La versi&#xF3;n es muy fiel al original. Suntuosa edici&#xF3;n que honra a las prensas portuguesas, va adornada con los dibujos de Gustavo Dor&#xE9;. Suprime la dedicatoria al Duque de B&#xE9;jar y los versos preliminares. Semipiel; lomos y planos decorados con asuntos quijotiles en rojo, negro y dorado L&#xFA;dovik Osterc</subfield>
  </datafield>
  <datafield tag="500" ind1=" " ind2=" ">
    <subfield code="a">QM575</subfield>
  </datafield>
  <datafield tag="546" ind1=" " ind2=" ">
    <subfield code="a">Texto en : portugu&#xE9;s</subfield>
  </datafield>
  <datafield tag="650" ind1="1" ind2="4">
    <subfield code="a">Novela espa&#xF1;ola</subfield>
    <subfield code="y">&#xC9;poca cl&#xE1;sica, 1500-1700</subfield>
    <subfield code="9">215</subfield>
  </datafield>
  <datafield tag="650" ind1="1" ind2="4">
    <subfield code="a">Literatura espa&#xF1;ola</subfield>
    <subfield code="y">&#xC9;poca cl&#xE1;sica, 1500-1700</subfield>
    <subfield code="9">216</subfield>
  </datafield>
  <datafield tag="650" ind1="1" ind2="4">
    <subfield code="a">Novela espa&#xF1;ola</subfield>
    <subfield code="y">Siglo XVII</subfield>
    <subfield code="9">217</subfield>
  </datafield>
  <datafield tag="650" ind1="1" ind2="4">
    <subfield code="a">Don Quijote (Personaje ficticio)</subfield>
    <subfield code="e">Novela</subfield>
    <subfield code="9">218</subfield>
  </datafield>
  <datafield tag="700" ind1="1" ind2=" ">
    <subfield code="a">Castilho, Antonio Feliciano de</subfield>
    <subfield code="c">Visconde de Castilho</subfield>
    <subfield code="d">1800-1875</subfield>
    <subfield code="e">Traductor</subfield>
    <subfield code="9">9012</subfield>
  </datafield>
  <datafield tag="700" ind1="1" ind2=" ">
    <subfield code="a">Pinheiro Chagas, Manuel</subfield>
    <subfield code="d">1842-1985</subfield>
    <subfield code="e">Traductor</subfield>
    <subfield code="9">9013</subfield>
  </datafield>
  <datafield tag="700" ind1="1" ind2=" ">
    <subfield code="a">Dor&#xE9;, Paul Gustave</subfield>
    <subfield code="d">1832-1883</subfield>
    <subfield code="e">Ilustrador</subfield>
    <subfield code="9">9014</subfield>
  </datafield>
  <datafield tag="740" ind1="0" ind2=" ">
    <subfield code="a">El Ingenioso Hidalgo Don Quijote de la Mancha</subfield>
  </datafield>
  <datafield tag="902" ind1=" " ind2=" ">
    <subfield code="a">QFM</subfield>
  </datafield>
  <datafield tag="942" ind1=" " ind2=" ">
    <subfield code="2">lcc</subfield>
    <subfield code="c">B</subfield>
  </datafield>
  <datafield tag="999" ind1=" " ind2=" ">
    <subfield code="c">3181</subfield>
    <subfield code="d">3181</subfield>
  </datafield>
  <datafield tag="952" ind1=" " ind2=" ">
    <subfield code="0">0</subfield>
    <subfield code="1">0</subfield>
    <subfield code="4">0</subfield>
    <subfield code="7">0</subfield>
    <subfield code="a">BRCA</subfield>
    <subfield code="b">BRCA</subfield>
    <subfield code="d">2009-04-14</subfield>
    <subfield code="i">QM575</subfield>
    <subfield code="l">0</subfield>
    <subfield code="o">734 .C67 1876 (QM575)</subfield>
    <subfield code="p">3442</subfield>
    <subfield code="r">2019-03-22 00:00:00</subfield>
    <subfield code="w">2019-03-22</subfield>
    <subfield code="y">B</subfield>
  </datafield>
</record>
